Normal view
MARC view
- Watt Siobhan
Entry Personal Name
001 - CONTROL NUMBER
- control field: 216589
003 - CONTROL NUMBER IDENTIFIER
- control field: OSt
005 - DATE AND TIME OF LATEST TRANSACTION
- control field: 20260204120650.0
008 - FIXED-LENGTH DATA ELEMENTS
- fixed length control field: 260204|| aca||aabn | a|a d
040 ## - CATALOGING SOURCE
- Original cataloging agency: OSt
- Transcribing agency: OSt
100 ## - HEADING--PERSONAL NAME
- Personal name: Watt Siobhan
670 ## - SOURCE DATA FOUND
- Source citation: Work cat.: (OSt)370305: Lawson Rachel 216588, Punch Needle: Fifteen Contemporary Projects, 2022